000 00725nam a22002417a 4500
003 UA-OsUOA
001 45675
007 ta
008 20111025b un ||||| |||| 00| 0 ukr d
100 _aЩапов Я.
090 _a94(477).02
_bЩ25
942 _cBK
040 _aUA-OsUOA
_bukr
_cUA-OsUOA
_dUA-OsUOA
245 _aКняжеские уставы и церковь в древней Руси
300 _a337 с.
955 _a1
041 _aukr
080 _a94(477).02
260 _aМ.
_bНаука
_c1972
650 7 _a9 Географія. Біографії. Історія
_2UDC
999 _c425778
_d425778